|
|
|
|
| LEADER |
00000cac a2200000 a 4500 |
| 001 |
52541 |
| 003 |
Ucuenca |
| 005 |
20230714063305.0 |
| 008 |
000000|1961 sp||||||||r|||||||||||spa|| |
| 040 |
|
|
|b spa
|
| 041 |
0 |
|
|a spa
|
| 082 |
0 |
|
|a 809
|
| 100 |
1 |
|
|a Spitzer, Leo
|d 1887-1960
|9 219963
|
| 245 |
|
|
|a Lingüística e historia literaria
|c Leo Spitzer
|h imp
|
| 250 |
|
|
|a 2a ed.
|
| 264 |
|
|
|a Madrid
|b Gredos
|c 1961
|
| 300 |
|
|
|a 306 páginas:
|c 21 cm
|
| 490 |
|
|
|a Biblioteca Románica Hispánica
|n no. 19
|p Estudios y Ensayos
|v II
|
| 504 |
|
|
|a incl. ref.
|
| 650 |
|
0 |
|a Historia literaria
|9 6382
|
| 650 |
|
7 |
|a Lingüística
|9 7236
|
| 852 |
|
|
|a UC-CDJBV
|f Compra
|l 1
|m General
|p 00000000
|r 2
|t 52541
|b 0
|d CDRC
|e CDRC
|g 400 ESTANTERIA CERRADA
|z 0000-00-00
|
| 942 |
|
|
|c CR
|2 ddc
|z lourdes.naula@ucuenca.edu.ec
|
| 999 |
|
|
|c 125621
|d 125621
|